[Event "Groningen Harmonie"]
[Site "Groningen"]
[Date "2003.12.27"]
[Round "6"]
[White "Dambacher, Martijn"]
[Black "Gagunashvili, Merab"]
[Result "1/2-1/2"]
[WhiteElo "2419"]
[BlackElo "2582"]
[Annotator "Erenburg,S"]
[PlyCount "95"]
[EventDate "2003.12.21"]
[EventType "tourn"]
[EventRounds "9"]
[EventCountry "NED"]
[EventCategory "10"]
[SourceTitle "CBM 099"]
[Source "ChessBase"]
[SourceDate "2004.03.30"]
[SourceVersion "1"]
[SourceVersionDate "2004.03.30"]
[SourceQuality "1"]

1. d4 d6 2. e4 Nf6 3. Nc3 g6 4. h3 Bg7 5. Be3 c6 6. a4 {Too slow, I think.
White can prevent b7-b5 with more principle} (6. f4 {See 1-0 Erenburg,S-Zubov,
A/Nakhchivan 2003/CBM 96/[Erenburg] (37)}) 6... O-O 7. Nge2 {White obviously
is intending to fianchette his light-squared bishop. Another option is to
occupy some space on the queenside with} (7. a5 {1/2-1/2 Piket,J-Glek,I/Wijk
aan Zee 1997/CBM 57/[Glek] (56)}) 7... e5 8. g4 Nbd7 9. Bg2 h5 $146 {According
to my database, this move was played for the first time. Black has tried} (9...
Re8 10. O-O (10. g5 Nh5 11. Bf3) 10... a6 11. a5 exd4 12. Bxd4 c5 13. Be3 Ne5
14. b3 Nc6 15. Qd2 Nxa5 $11 {1-0 Pinheiro,J-Belli Pino,M/Dos Hermanas 2003/EXT
2004 (37)}) 10. g5 (10. gxh5 Nxh5 11. d5 Nb6 $132) 10... Nh7 11. Qd2 (11. d5 $5
{comes to consideration.}) 11... Qa5 12. O-O {White's plan is to develop an
initiative on the kingside, using better location of his pieces.} exd4 13. Nxd4
Ne5 {Black activates his pieces, trying to create some counterplay.} 14. Qe2 {
covering the c4 square.} ({Worse is} 14. b3 c5 15. Ndb5 Bxh3 (15... Nc6 $5) 16.
Nd5 Qxd2 17. Bxd2 Bxg2 18. Kxg2 Nc6 $15) 14... Qb4 15. f4 $1 Nc4 ({Black
doesn't succeed to keep a material balance after} 15... Qxb2 16. Na2 Ng4 (16...
Nd7 17. Rfb1 Qa3 18. c3 {[%cal Gd4c2,Ga2c1]} d5 19. exd5 $16) 17. Rfb1 Bxd4 18.
Rxb2 Bxb2 19. Rb1 Nxe3 20. Rxb2 Nxg2 21. Qxg2 $16) 16. Na2 $1 {forcing black
to sacrifice queen.} Qc5 17. b4 Nxe3 (17... Bxd4 18. bxc5 Nxe3 {-the game.}) (
17... Qxd4 18. Bxd4 Bxd4+ 19. Kh2 $18) 18. bxc5 Bxd4 {[%mdl 1024]} 19. c3 $6 {
Better was one of the following continuations:} (19. Qd3 Bxc5 20. Rf2 Nxg2 (
20... Be6 $5) 21. Kxg2 Bxf2 22. Kxf2 $16) (19. Kh2 $5 dxc5 (19... Bxc5 20. Rf3
$18) 20. e5 $16 {[%cal Gc2c3]} (20. Rfe1 $16)) 19... Bxc5 20. Rf2 Be6 (20...
Nxg2 21. Kxg2 Bxf2 22. Qxf2 $14) (20... Re8 21. Kh2 (21. Kh1 Nxg2 22. Rxg2 Bxh3
$15 {[%cal Gh3f5]}) 21... f5 $1 22. Nc1 $1 (22. gxf6 $2 Nxf6 $15 {[%cal Ge3g4]}
) 22... Nxg2 23. Rxg2 Rxe4 24. Qb2 $14 {[%cal Gc1d3]}) 21. Kh2 Rae8 {Black has
only B+N+P for a queen, but he has possibility to win an exchange in
comfortable moment. His pieces are more active (especially a pair of bishops)
and coordinated better, than the white's ones. On the other hand, we have to
remember, that white has a material advantage, and currently black's knight on
h7 is out of the game. If white consolidates his forces, his position will be
obviously better. It isn't so easy to evaluate the position, but I would
prefer white, as he needs only 2-3 tempos for consolidation.} 22. Nb4 {getting
the knight into the game.} (22. Rb1 $6 Bc4 23. Qe1 f5 $1 24. Rxb7 fxe4 $13 {
[%cal Gh7g5]}) (22. Qd3 $5 Bc4 (22... f5 $141 23. gxf6 Nxf6 24. Rb2 $16) (22...
d5 23. e5 Bf5 24. Qe2 f6 25. gxf6 Nxf6 26. Rf3 $16) 23. Qb1 Re7 (23... Ng4+ 24.
hxg4 Bxf2 25. gxh5 Be3 26. Kg3 $16) 24. Bf3 $1 $14 (24. Rb2 Nxg2 25. Kxg2 Rfe8
26. Kf3 f5 27. gxf6 Nxf6 $40)) 22... Bc4 (22... f5 23. Nd3 Bc4 24. Qd2 {
-see 23...f5 variation.}) 23. Nd3 f6 ({Deserves attention:} 23... f5 $5 24.
gxf6 $1 (24. Qd2 $6 Bxd3 25. Qxd3 Nxg2 26. Kxg2 $1 (26. Rxg2 fxe4 $13) 26...
fxe4 (26... Bxf2 27. Qxd6 Be3 28. Qxg6+ Kh8 29. Rd1 $16) 27. Qc4+ Kg7 28. Rff1
b6 $13 {[%cal Gd6d5]}) 24... Nxf6 25. Rf3 Nxe4 26. Rxe3 Nxc3 27. Qc2 Bxe3 28.
Qxc3 d5 (28... Bxd3 29. Qxd3 $16) 29. Kh1 $16 {with following occupation of e5
square by the knight.}) 24. Qd2 $6 {missing more attractive continuation:} (24.
gxf6 $1 {- see 23...f5 variation.}) 24... Bxd3 25. Qxd3 fxg5 26. f5 $6 {
Better was firstly to get into the game queenside' rook:} (26. Rb1 gxf4 (26...
b6 27. e5 $1 $16) 27. e5 $1 (27. Rxb7 Re5 {[%cal Gg6g5,Gg5g4,Yh7g5]} (27... g5
28. e5) 28. Rc7 g5 $13) 27... Re6 28. Rxb7 d5 29. c4 $1 dxc4 30. Qd7 Re7 31.
Qxc6 Rxb7 32. Qxb7 $16 (32. Qxc5 Rg7 {[%cal Gg6g5,Gg5g4]} 33. Bd5+ Kh8 34. Rxf4
$14)) (26. e5 $6 Re6) 26... Nf6 ({Black doesn't equalize after} 26... gxf5 27.
exf5 Ng4+ 28. hxg4 Bxf2 29. Qxd6 $14) 27. Re2 (27. Rf3 {doesn't promise white
anything special:} Rxe4 28. fxg6 Re7 $13) 27... Nxg2 28. Kxg2 (28. Qc4+ d5 (
28... Kg7 {-see the game.}) 29. Qxc5 Nf4 $13) 28... gxf5 29. Qc4+ (29. exf5 $2
Nd5 $1 $15 {[%cal Gd5f4,Rf4e2,Rf4d3,Rf4g2]}) 29... Kg7 30. exf5 Nd5 $1 31. Kh1
Ne3 {Of course, black doesn't change the rooks, otherwise white's queen
becomes very strong.} (31... Rxe2 32. Qxe2 $16) (31... Nf4 $5 32. Ree1 h4 (
32... Nxh3 33. Re6) 33. Rab1 $14) 32. Qd3 Re5 33. Rae1 Rd5 ({Too dangerous is} 
33... Rfe8 {, in view of} 34. f6+ $1 Kxf6 35. Qh7 $40) 34. Qb1 Nxf5 35. Re7+ $2
{throwing away an advantage.} ({Better is} 35. Rg2 Kf6 $1 (35... Ne3 36. Rg3
Re5 37. Qxb7+ Rf7 38. Qxc6 $16) 36. Rf1 (36. Qxb7 Rd3) 36... Rf7 $14) 35...
Nxe7 36. Rxe7+ Rf7 37. Rxf7+ Kxf7 38. Qxb7+ Kf6 39. Qxc6 Rd1+ $11 40. Kh2 Rd2+
41. Kh1 Rd3 ({After} 41... g4 {black can struggle for a win:} 42. hxg4 hxg4 43.
Qd7 g3 44. Qd8+ Kf5 45. Qf8+ Ke4 46. Qe8+ Kd3 47. Qg6+ Kxc3 48. Qxg3+ Kc2 {
, but, probably, white holds this position.}) 42. Qc8 Rg3 43. Qh8+ Kf5 44. Qh7+
Ke5 45. Qxh5 {Now the position is absolutely drawish, as black hasn't any
weaknesses.} Be3 46. h4 Rh3+ 47. Kg2 Rxh4 48. Qe8+ (48. Qe8+ Kf4 (48... Kf5 49.
Qf7+ Ke4 50. Qe6+ Kd3 $11) 49. Qf8+ Ke4 50. Qe7+ Kd3 $11) 1/2-1/2

[Event "Groningen Harmonie"]
[Site "Groningen"]
[Date "2003.12.21"]
[Round "1"]
[White "Kurnosov, Igor"]
[Black "Gagunashvili, Merab"]
[Result "1-0"]
[WhiteElo "2527"]
[BlackElo "2582"]
[Annotator "Erenburg,S"]
[PlyCount "63"]
[EventDate "2003.12.21"]
[EventType "tourn"]
[EventRounds "9"]
[EventCountry "NED"]
[EventCategory "10"]
[SourceTitle "CBM 099"]
[Source "ChessBase"]
[SourceDate "2004.03.30"]
[SourceVersion "1"]
[SourceVersionDate "2004.03.30"]
[SourceQuality "1"]

1. e4 d6 2. d4 Nf6 3. Nc3 g6 4. Be3 c6 5. h3 $5 b5 $2 {In my opinion, this
continuation is very bad for black. I'd recommend to read my opening database
from CBM 93 and to pay attention on the following annotated games:} (5... Bg7
6. f4 (6. Qd2 O-O 7. Nf3 Nbd7 (7... b5 {1-0 Akopian,V-Nikolic,P/Halkidiki 2002/
CBM 92/[Erenburg] (47)}) 8. Bd3 {0-1 Zhang Pengxiang-Gagunashvili,M/Bled 2002/
[Erenburg] (40)}) 6... O-O (6... Qb6 {1/2-1/2 Sveshnikov,E-Beliavsky,A/Bled
1998/[Erenburg] (27)}) (6... Qa5 {1/2-1/2 Jansa,V-Ibragimov,I/Germany 2001/
[Erenburg] (65)}) (6... Nh5 $6 $146 {1-0 Sokolov,A-Chabanon,J/Torcy 1991/
[Erenburg] (38)}) (6... Nbd7 {1/2-1/2 Pavasovic,D-Volokitin,A/Portoroz 2001/
[Erenburg] (84)}) 7. Nf3 (7. Qf3 $5 {1/2-1/2 Sveshnikov,E-Ponomariov,R/Bled
1999/[Erenburg] (52)}) 7... Nbd7 (7... c5 $6 {1/2-1/2 Erenburg,S-Smirin,I/
TCh-ISR, ISR 2002/[Erenburg] (97).}) 8. e5 {0-1 Sveshnikov,E-Ibragimov,I/Bled
1996/[Erenburg] (46)}) (5... Nbd7 6. f4 (6. Nf3 $5 {1-0 Morozevich,A-Gurevich,
M/Sarajevo 2000/[Erenburg] (27)}) 6... e5 {Black has other possibilities:} (
6... Qa5 {1/2-1/2 Sveshnikov,E-Beliavsky,A/Bled 2001/[Erenburg] (41)}) (6... b5
7. a3 $5 {[%cal Ge4e5]} (7. Bd3 {1-0 Reefat,B-Marin,M/Bled 2002/[Erenburg] (22)
}) 7... Nb6 (7... a6 $146 {1-0 Fogarasi,T-Beliavsky,A/HUN 2000/[Erenburg] (43)}
) 8. Nf3 {1/2-1/2 Sveshnikov,E-Smirin,I/Vienna 1996/[Erenburg] (37)}) 7. Qf3 {
1-0 Sveshnikov,E-Komljenovic,D/Torcy 1991/[Erenburg] (50)}) (5... Qb6 $5 6. Qd2
$146 {1-0 Alekseev,E-Kozakov,M/Halkidiki 2002/CBM 92_01/[Erenburg] (47)} (6.
Qc1 {0-1 Alekseev,E-Ponomariov,R/Artek 1999/[Erenburg] (50)})) 6. e5 $1 {
punishing black immediately for his mistake on the previous move.} dxe5 {
Other possibilities don't prevent from white to get an obvious advantage:} (
6... Nfd7 7. exd6 exd6 8. d5 $1 $16 {1-0 Morozevich,A-Chernin,A/Moscow 1995/
[Erenburg] (32)}) (6... b4 7. exf6 bxc3 8. fxe7 Qxe7 9. bxc3 $16) 7. dxe5 Qxd1+
8. Rxd1 Nfd7 {Black tried also} (8... b4 {, but after} 9. exf6 bxc3 10. Bd4 $16
{white's advantage is big again. See 1-0 Sveshnikov,E-Smyslov,V/Tilburg 1992 
(42)}) 9. f4 {strengthening the e5 pawn.} Bg7 (9... f6 {is refuted by} 10. e6
Nb6 11. Nxb5 $18) 10. g3 $146 {fianchetting the light-squared bishop, that
will create an unpleasant pressure on the black's queenside along h1-a8
diagonal. This move is new, in the previous game white played} (10. Nf3 f6 $2
11. e6 Nf8 12. Nxb5 $18 Nxe6 13. Nxa7 Bb7 14. Bc4 Nc7 15. Kf2 Nd5 16. Nxc6 Bxc6
17. Bxd5 $18 {1-0 Jansa,V-Schlosser,M/Muenster 1992/CBM 31 (43)}) 10... a6 {
defending the b5 pawn.} 11. Bg2 f6 $2 {allowing white to get a decisive
advantage.} ({Better was} 11... Bb7 12. Nge2 O-O {, but the position favours
white anyway.}) 12. e6 $1 Nf8 {[%tqu "En","Please enter the strongest move for
white.","","","c3d5","",10]} 13. Nd5 $1 {[%mdl 64] Now black cannot hold a
material balance.} Nxe6 14. Nb6 Bb7 15. Nxa8 Bxa8 16. Ne2 Nd7 (16... Nc7 {
is met by precise} 17. Ba7 $1 ({But not} 17. Nd4 {, as it gives black some
chances:} c5 $1 (17... Nd5 18. Bf2 (18. Bxd5 cxd5 19. Ne6 Kf7 $1 $13) 18... Kf7
19. f5 $18) 18. Nf3 Nd7 $16) 17... Nd7 18. Nd4 f5 (18... c5 19. Bxa8 cxd4 20.
Bc6 $18) 19. Nxc6 Bxb2 20. Kf2 $18 {[%cal Gh1e1,Ya7d4]}) 17. Nd4 {White has a
material advantage, so he changes the pieces.} Nxd4 18. Bxd4 Kd8 19. O-O Kc7
20. Rfe1 Re8 21. Bc3 $1 {[%cal Gc3a5] Black has knight and pawn for a rook,
but all his pieces are very passive, so he decides to occupy some space for
his pieces:} e5 22. Re2 $1 {preparing a consolidation of the rooks on the "d"
file with following invasion.} Bf8 23. Ba5+ Kc8 24. Red2 Bc5+ (24... Re7 25.
Rd6 $18) 25. Kh1 Re7 ({Black loses after} 25... Nb6 {as well:} 26. b4 Be3 27.
Bxb6 (27. Rd3 Nd5 $1 $16 28. Bxd5 $141 $2 cxd5 29. Rxe3 d4+) (27. Rd6 Nd5 $13)
27... Bxb6 28. Rd6 $18) 26. fxe5 Nxe5 (26... fxe5 27. h4 $18 {[%cal Gg2h3]})
27. Rd8+ Kb7 28. Bc3 $1 {threatening to capture on e5, thus, allowing for
rooks an invasion into the black's camp through d7. Black's pieces are
paralyzed and he is hopeless against white's threats.} h5 (28... Ka7 29. Bxe5
Rxe5 30. R1d7+ Bb7 31. Bxc6 $18) (28... b4 29. Bxe5) 29. Bxe5 Rxe5 (29... fxe5
30. R1d7+ $18) 30. R1d7+ Kb6 31. Rb8+ Ka5 32. Rd1 $1 {covering the first rank
and winning the bishop.} 1-0

[Event "Abu Dhabi op 14th"]
[Site "Abu Dhabi"]
[Date "2004.08.14"]
[Round "1"]
[White "Chernyshov, Konstantin"]
[Black "Velikhanli, Firuza"]
[Result "1-0"]
[WhiteElo "2585"]
[BlackElo "2322"]
[Annotator "Erenburg,S"]
[PlyCount "53"]
[EventDate "2004.08.14"]
[EventType "swiss"]
[EventRounds "9"]
[EventCountry "UAE"]
[SourceTitle "CBM 103"]
[Source "ChessBase"]
[SourceDate "2004.11.11"]
[SourceVersion "1"]
[SourceVersionDate "2004.11.11"]
[SourceQuality "1"]

1. d4 d6 2. Nc3 g6 3. Bg5 Bg7 4. Qd2 h6 5. Bh4 Nf6 6. e4 O-O $6 {Obviously,
not the best continuation. Why to define the position of the king so early?
Much more popular and more logical is 6...g5 with following Nh5, that give
black a pair of bishops. I recommend you to take a look at my opening database
about this variation in CBM 95.} (6... g5 {1-0 Timofeev,A-Lugovoi,A/Halkidiki
2002/CBM 92/[Erenburg] (70)}) (6... Nbd7 7. f4 c5 8. dxc5 Nxc5 9. Bb5+ Bd7 10.
Bxf6 Bxf6 11. Bxd7+ Qxd7 12. Nge2 Qe6 13. Qe3 Bxc3+ 14. Nxc3 f5 15. O-O-O fxe4
16. Rhe1 a5 17. Nxe4 Qxe4 18. Qxe4 Nxe4 19. Rxe4 Kd7 $11 {1/2-1/2 Kobalia,
M-Tseshkovsky,V/Biel SUI 2004/The Week in Chess 508 (36)}) 7. O-O-O {There is
the option of immediate f2-f4 as well:} (7. f4 c6 (7... b6 $6 8. e5 dxe5 9.
fxe5 Nd5 10. O-O-O Nc6 11. Nge2 Be6 12. Nxd5 Qxd5 13. Nc3 Qa5 14. a3 Rfd8 15.
Qe3 Rab8 16. Bb5 g5 17. Bg3 $16 {Winants,L-Seret,JC/Lyon zt/1990/}) 8. Bd3 b5
9. Nf3 b4 (9... a6 10. e5 dxe5 11. dxe5 b4 12. Ne4 Nd5 13. O-O a5 14. Kh1 $14 {
Mahdy,K-Steiner,U/AUT-chT/1991/ (23)}) 10. Ne2 $13 {Schmittdiel,E-Lau,R/FRG-ch/
1991/ (23)}) 7... c6 8. f4 {White succeeded to realize his opening idea. His
bishop is located on the diagonal h4-d8, that will put pressure the black's e7
pawn, and he is now ready to carry out e4-e5.} Qc7 $146 {New move. Black tried
also} (8... Na6 9. Nf3 Nc7 10. Bd3 b5 11. f5 g5 12. Bg3 b4 13. Na4 Ba6 14. Qxb4
Bxd3 15. cxd3 Qd7 16. Nc3 a5 17. Qa4 Rfb8 18. Qc2 $14 {1-0 Smirin,I-Viskic,P/
TCh-CRO, Rabac CRO 2004 (38)}) (8... b5 9. Bd3 b4 10. Nce2 a5 11. Bxf6 Bxf6 12.
e5 dxe5 13. dxe5 Bg7 14. Qe3 Qc7 15. Nf3 Be6 16. Kb1 Nd7 17. h4 Qa7 18. Nfd4 a4
19. h5 $16 {0-1 Asauskas,H-Butnorius,A/Radviliskis 1995/EXT 97 (36) [#]}) 9.
Nf3 b5 {trying to create the counterplay on the queenside.} 10. e5 b4 {Typical
reaction on e4-e5. But, in this particular case, white's dark-squared bishop
is located on diagonal h4-d8, and not on c1-h6, that gives white obvious plus.}
({Too passive is} 10... Ne8 11. Re1 $16 {with serious pressure on e7 pawn.})
11. exf6 bxc3 12. Qxc3 exf6 {[%tqu "En","Please enter the best move for white.
","","","d4d5","",10]} 13. d5 $1 {[%cal Yh4f6,Yc3f6] White has got a superior
pawn structure, and now he is going to attack black weaknesses. Usually black
is ready to get such worse pawn structure, compensating it by active
fianchetted dark-squared bishop. But, now it is going to be eliminated from
the board.} c5 $2 {The material balance has some importance in chess...} (13...
f5 14. Bf6 Bxf6 15. Qxf6 c5 (15... cxd5 16. Nd4 $1 $16 {[%cal Yd4b5]}) 16. h4
$16 (16. Nd2 $16)) ({I think, that the least of the evils was} 13... g5 $1 14.
Bf2 c5 $14) 14. Bxf6 Bxf6 15. Qxf6 $16 {White is a pawn up, and his position
is objectively better, thanks to space advantage and vulnerable position of
black monarch.} Nd7 16. Qc3 {White's advantage could be more obvious after} (
16. Qe7 $1 $16 {, that looks not bad, with following transfer of the knight to
c4 via d2.}) 16... Nb6 17. Bb5 {forcing black's light-squared bishop to locate
itself on passive b7 square.} Bb7 18. f5 $5 {Interesting decision. White
doesn't care about the pawn, but develops the attack on the kingside.} ({While
} 18. Bc4 $16 {promised white an obvious advantage.}) 18... Nxd5 ({The capture
with the bishop loses immediately:} 18... Bxd5 $2 19. fxg6 fxg6 20. Rxd5 $1
Nxd5 21. Bc4 $18) 19. Qd2 Kg7 $6 {Of course, h7 square was much better
position for the king, as it cannot be attacked there with f5-f6.} (19... Kh7 {
, but, white has unpleasant initiative for black on the kingside:} 20. h4 $36)
20. Rhe1 Rab8 $6 {Not so clear what the rook is doing on the "b" file. More
logical was to strengthen the d6 pawn with} (20... Rad8 21. Nh4 $1 $36 (21. Bc4
$141 Nf6) 21... g5 $2 22. f6+ $1 Nxf6 23. Nf5+ Kh7 24. Qc3 $18) 21. Bc4 Nb6 $2
{Black doesn't have any pieces to protect his monarch, that makes possible
successful white's attack.} ({Better is} 21... Nf6 22. Qxd6 Qxd6 23. Rxd6 $16)
{[%tqu "En","Please use the vulnerable position of black king.","","","f5f6",
"",10]} 22. f6+ $1 Kh7 (22... Kxf6 23. Qc3+ $18) {[%tqu "En","Please crush
black's position!","","","f3g5","",10]} 23. Ng5+ $1 {[%mdl 128]} hxg5 (23...
Kg8 24. Bxf7+ $1 Rxf7 25. Nxf7 Qxf7 26. Qxd6 Qf8 (26... Rf8 27. Re7 $18) 27.
Re7 $18 {[%cal Yf6f7]}) 24. Qxg5 Rh8 (24... Nd7 25. Qh4+ Kg8 26. Qh6 Nxf6 27.
Qxg6+ Kh8 28. Qxf6+ Kg8 29. Re3 $18) 25. Rd3 $1 {The addition of the rook is
the final accord in white's attack.} Bxg2 26. Qxg2 Nxc4 27. Rh3+ (27. Rh3+ Kg8
28. Rxh8+ Kxh8 29. Qh3+ Kg8 30. Qh6 {with inevitable mate.}) 1-0

[Event "Groningen Harmonie"]
[Site "Groningen"]
[Date "2003.12.28"]
[Round "7"]
[White "Gagunashvili, Merab"]
[Black "Nijboer, Friso"]
[Result "1/2-1/2"]
[WhiteElo "2582"]
[BlackElo "2577"]
[Annotator "Erenburg,S"]
[PlyCount "83"]
[EventDate "2003.12.21"]
[EventType "tourn"]
[EventRounds "9"]
[EventCountry "NED"]
[EventCategory "10"]
[SourceTitle "CBM 099"]
[Source "ChessBase"]
[SourceDate "2004.03.30"]
[SourceVersion "1"]
[SourceVersionDate "2004.03.30"]
[SourceQuality "1"]

1. d4 Nf6 2. g3 g6 3. Bg2 Bg7 4. e4 d6 5. Ne2 O-O 6. O-O e5 7. Nbc3 c6 8. a4 {
preventing from black to carry out b7-b5.} a5 {preparing a transfer of
queenside' knight to b4 via a6.} 9. h3 {covering g4 square.} Na6 10. Be3 Nb4
11. Na2 $5 $146 {[%mdl 12] Novelty. White changes well-located black's knight
in order to get into the game the rook via third rank. Other possibilities are:
} (11. Qd2 {See 1/2-1/2 Ivanchuk,V-Gagunashvili,M/Istanbul 2003/CBM 96/
[Erenburg] (41)}) (11. f4 {See 1/2-1/2 Alekseev,E-Ivanchuk,V/Skanderborg 2003/
CBM 98/[Erenburg] (36)}) 11... Nxa2 12. Rxa2 exd4 13. Bxd4 {White takes on d4
with the bishop, occupying a long diagonal, and, intending to transfer the
knight to c3.} ({Worse is} 13. Nxd4 $2 Re8 14. Qd3 d5 $15) 13... Be6 ({Another
attempt to equalize is} 13... Re8 14. Nc3 (14. Qd3 d5 15. exd5 Bf5 16. Qd2 Nxd5
$11) 14... Be6 15. Ra1 (15. Ra3 d5 16. exd5 Nxd5 17. Bxg7 Kxg7 18. Nxd5 Bxd5
19. Bxd5 Qxd5 20. Qxd5 cxd5 21. Rb3 Re4) 15... d5 16. exd5 (16. e5 Nd7 17. f4
f6 $11) 16... Nxd5 17. Bxg7 Kxg7 18. Nxd5 Bxd5 $11) 14. Ra3 d5 15. Bxf6 {
The only way to fight for an advantage. Other ones don't promise anything:} (
15. e5 Nd7 16. f4 f6 $11) (15. exd5 Bxd5 16. Bxd5 Qxd5 17. Rd3 Qe6 $11) 15...
Qxf6 16. exd5 Bxd5 17. Bxd5 cxd5 18. Rb3 Qc6 19. Rb5 {[%mdl 4] The rook is
located very good on b5, as from there it attacks d5 pawn, and, at the same
time, protects b2 pawn.} Rfe8 20. c3 Re4 21. f3 Rc4 (21... Re5 22. Nd4 Qc7 23.
f4 Re3 24. Nf3 Rae8 (24... d4 25. cxd4 Rae8) 25. Qxd5 b6 $13) 22. Qxd5 Rxa4 (
22... Qxd5 23. Rxd5 Rxa4 24. Rb5 $14) 23. Rd1 Qxd5 24. Rdxd5 $14 {White is
going to capture b7 pawn, getting a material advantage.} Ra2 $1 {Black doesn't
try to protect the pawn, but immediately creates a counterplay.} (24... Ra7 25.
Rd7 $16) 25. Rxb7 a4 26. Kf2 a3 27. Rdb5 Bf6 28. f4 {In my opinion, white
should force black to capture on b2 as soon as possible:} (28. Rb3 Kg7 29. Ke3
(29. Rxa3 R8xa3 30. bxa3 Bxc3 $11) 29... axb2 30. Rxb2 Ra1 $14) 28... Kg7 29.
g4 h6 30. Kf3 (30. Rb3 axb2 31. Rxb2 Rxb2 (31... Ra1 32. Rd2) 32. Rxb2 Rd8 $14
{In spite of white is a pawn up, black keeps some chances, as his R+B are very
active. Overmore, white's pawns are quite vulnerable.}) 30... Re8 31. Rb3 Ra1
32. Rxa3 $6 ({White had more chances, than in the game, after} 32. bxa3 Bh4 (
32... Rf1+ 33. Kg2 Re1 34. Nd4 Rd1) 33. Rb1 Rxa3 34. R7b3 Ra2 35. R3b2 Ra3 36.
Rb8 $16) 32... Rf1+ ({After} 32... Re1 33. g5 $1 (33. Raa7 R1xe2 $19) (33. Ng3
R8e3+ 34. Kg2 Bh4 $19) 33... hxg5 34. fxg5 Bxg5 35. Raa7 R8xe2 36. Rxf7+ Kg8
37. Rg7+ Kf8 38. Rxg6 $11) 33. Kg2 Rd1 {White is two pawns up, but his king is
very vulnerable, because all the white pieces are located far from their
monarch. Therefore, black has a sufficient compensation for two pawns.} 34. Nd4
$4 {loses immediately.} ({Better was} 34. Raa7 $1 {, achieving a draw.} Rxe2+
35. Kf3 Re6 36. Rxf7+ Kg8 37. Rfd7 Rxd7 (37... Rf1+ 38. Kg2 Rfe1 39. Ra8+ Re8
40. Rxe8+ Rxe8 41. Kf3 $11) 38. Rxd7 Rb6 39. Rd2 $11) (34. Ng1 Bh4 $1 (34...
Ree1 35. Nf3) (34... Rd2+ 35. Kh1 $14) 35. Raa7 Ree1 36. Rxf7+ Kg8 37. Rg7+ Kf8
38. Rgd7 Rxg1+ 39. Kf3 Rxd7 40. Rxd7 Rg3+ $15) {[%tqu "En","Please find the
winning move for black.","","","f6h4","",0]} 34... Rd2+ $4 {missing a winning
continuation:} (34... Bh4 $1 $19 {with the threat of Rd2+.}) 35. Kf1 Bh4 $2 (
35... Rd1+ {wasn't too late:} 36. Kg2 Bh4 $19) 36. Ra1 Re3 $17 37. g5 $1 {
Right decision. White changes at least one of the opponent's pawns.} hxg5 ({
Deserves attention:} 37... Rf2+ 38. Kg1 Rxf4 39. gxh6+ Kxh6 $40) 38. fxg5 Rf2+
({Worse is} 38... Bxg5 39. Re1 Rxh3 40. Re2 $11) 39. Kg1 Rf4 (39... Re5 {
-see 41...Re5 variation.}) 40. Kh2 Rf2+ 41. Kg1 Rf4 {Black should play on, as
his position near to winning:} (41... Re5 42. Kh1 (42. b4 Rxg5+ 43. Kh1 Rg3 44.
Rc7 Rxh3+ 45. Kg1 Rg3+ 46. Kh1 (46. Kxf2 Rxc3+ 47. Ke2 Rxc7 $17) 46... Re3 $17)
42... Bxg5 $1 $17 {[%cal Ge5e3,Gg5f4,Ye5g5]}) 42. Kh2 1/2-1/2